Šlechtické rody a jejich sídla v Českém ráji. - Semily : Státní oblastní archiv v Litoměřicích - Státní okresní archiv Semily pro Pekařovu společnost Českého ráje v Turnově. - 2009 [Rezension]

Titel: Šlechtické rody a jejich sídla v Českém ráji. - Semily : Státní oblastní archiv v Litoměřicích - Státní okresní archiv Semily pro Pekařovu společnost Českého ráje v Turnově. - 2009 [Rezension]
Verfasser:
In: Fontes Nissae, Band 11 (2010), Seite 331-333
alle Artikel anzeigen
Veröffentlicht: 2010
Format: Aufsatz
Sprache: Tschechisch
Kein Bild verfügbar
X
alg: 39520767
001A    $01999:12-11-16 
001B    $01999:09-08-21 $t17:43:18.000 
001C    $06050:14-11-16 $t07:18:45.000 
001D    $01999:12-11-16 
001U    $0utf8 
001X    $00 
002@    $0Aox 
003@    $0395207673 
007A    $0395207673 $aHEB 
007T    $0Herdp35885 
010@    $acze 
011@    $a2010 
021A    $aŠlechtické rody a jejich sídla v Českém ráji. - Semily : Státní oblastní archiv v Litoměřicích - Státní okresní archiv Semily pro Pekařovu společnost Českého ráje v Turnově. -  2009 [Rezension] 
028A    $aZelenka $dJaroslav 
031A    $d11 $h331-333 $j2010 
039B    $aIn $8--Abvc--. Fontes Nissae. - Liberec, 2000-. - ISSN 1213-5097 $x201000000110000669 $910697646X 
039T    $8--Aau--. Šlechtické rody a jejich sídla v Českém ráji. - Semily : Státní oblastní archiv v Litoměřicích - Státní okresní archiv Semily pro Pekařovu společnost Českého ráje v Turnově, 2009. - 384 S.. - Ill., graph. Darst.. - ISBN 978-80-86254-19-7 $9225802147 
045F    $a900.94371 $eDDC23BSB 
045F/01 $a900 
045F/03 $g4371 
045T    $a7,41 

lok: 39520767 78

exp: 39520767 78 1 #EPN
201B/01 $026-11-17 $t04:16:07.000 
201U/01 $0utf8 
203@/01 $0791532224 
208@/01 $a12-11-16 $be 
209A/01 $a/ $f000 $x00 
220C/01 $aHerkunft: Hú Av Čr Praha 
244Z/01 $#Tschechien $#Tschechische Republik $#Tschechische Republik $#Tschechenland $#Tschechei Tschechien $#Česká Republika $#Czech Republic $#ČR $74303381-7 $8--Tg1--Tschechien $x01 $9086659812 
244Z/01 $2Trx $#Böhmen $#Bohemia $#Czechy $8--Trx--Čechy $x02 $9391188941 
244Z/01 $2Trx $#arvustused $#recenzijos $#Reviews $#recenziók $#recenzje $#recenzie $#recenze $8--Trx--Rezensionen $x03 $9391357441 
247C/01 $82080>Marburg/Lahn, Herder-Institut, Forschungsbibliothek, Bibliographieportal $9336309341
LEADER 00000caa a22000002c 4500
001 395207673
003 DE-603
005 20210809174318.0
007 tu
008 161112s2010 xx |||| | u00||u|cze c
035 |a (DE-599)HEB395207673 
040 |a DE-603  |b ger  |c DE-603  |d DE-603 
041 |a cze 
082 0 4 |8 1\u  |a 900.94371  |q DE-101  |2 23/BSB 
084 |a 7,41  |2 ssgn 
085 |8 1\u  |b 900 
085 |8 1\u  |z 2  |s 4371 
100 1 |a Zelenka, Jaroslav 
245 0 0 |a Šlechtické rody a jejich sídla v Českém ráji. - Semily : Státní oblastní archiv v Litoměřicích - Státní okresní archiv Semily pro Pekařovu společnost Českého ráje v Turnově. - 2009 [Rezension] 
264 0 |c 2010 
773 0 8 |i In  |t Fontes Nissae  |d Liberec, 2000-  |x 1213-5097  |g Band 11 (2010), Seite 331-333  |w (DE-603)10697646X  |w (DE-600)2087527-7 
787 0 8 |i Rezension von  |t Šlechtické rody a jejich sídla v Českém ráji  |d Semily : Státní oblastní archiv v Litoměřicích - Státní okresní archiv Semily pro Pekařovu společnost Českého ráje v Turnově, 2009  |h 384 S., Ill., graph. Darst.  |z 9788086254197  |z 8086254194  |w (DE-603)225802147 
924 0 |9 2080  |a (DE-603)791532224  |b DE-2080  |c HES  |d d  |g /